<?xml version="1.0" encoding="UTF-8"?><?xml-stylesheet type="text/xsl" href="static/style.xsl"?><OAI-PMH xmlns="http://www.openarchives.org/OAI/2.0/" xmlns:xsi="http://www.w3.org/2001/XMLSchema-instance" xsi:schemaLocation="http://www.openarchives.org/OAI/2.0/ http://www.openarchives.org/OAI/2.0/OAI-PMH.xsd"><responseDate>2026-04-27T14:36:59Z</responseDate><request verb="GetRecord" identifier="oai:uvadoc.uva.es:10324/26232" metadataPrefix="marc">https://uvadoc.uva.es/oai/request</request><GetRecord><record><header><identifier>oai:uvadoc.uva.es:10324/26232</identifier><datestamp>2021-06-18T06:38:21Z</datestamp><setSpec>com_10324_38</setSpec><setSpec>col_10324_787</setSpec></header><metadata><record xmlns="http://www.loc.gov/MARC21/slim" xmlns:doc="http://www.lyncode.com/xoai" xmlns:xsi="http://www.w3.org/2001/XMLSchema-instance" xmlns:dcterms="http://purl.org/dc/terms/" xsi:schemaLocation="http://www.loc.gov/MARC21/slim http://www.loc.gov/standards/marcxml/schema/MARC21slim.xsd">
<leader>00925njm 22002777a 4500</leader>
<datafield tag="042" ind1=" " ind2=" ">
<subfield code="a">dc</subfield>
</datafield>
<datafield tag="720" ind1=" " ind2=" ">
<subfield code="a">Naharro Ferrero, Daniel</subfield>
<subfield code="e">author</subfield>
</datafield>
<datafield tag="260" ind1=" " ind2=" ">
<subfield code="c">2017</subfield>
</datafield>
<datafield tag="520" ind1=" " ind2=" ">
<subfield code="a">Los procesos de formación enantioselectiva de enlaces carbono-carbono basados en reacciones umpolung se conocen y han sido estudiados desde hace tiempo. Sin embargo, en los últimos años se está asistiendo a un aumento espectacular del número de publicaciones referidas al uso de carbenos N-heterocíclicos utilizados en este tipo de procesos, especialmente en su papel como organocatalizadores. La necesidad de desarrollar y poner a punto procesos químicos más sostenibles y respetuosos con el medio ambiente pasa por el reto de diseñar nuevos catalizadores o modificar los que ya se conocen para conseguir que se puedan recuperar con facilidad del medio de reacción sin perder su actividad catalítica. En este Trabajo Fin de Máster se ha llevado a cabo la síntesis de varios precursores de carbenos N-heterocíclicos quirales soportados sobre una resina de poliestireno. Además se ha valorado su actividad y estereoinducción en diversos procesos umpolung de formación de enlace C-C como son las reacciones benzoínicas cruzadas y reacciones cascada.</subfield>
</datafield>
<datafield tag="024" ind2=" " ind1="8">
<subfield code="a">http://uvadoc.uva.es/handle/10324/26232</subfield>
</datafield>
<datafield tag="245" ind1="0" ind2="0">
<subfield code="a">Síntesis de precursores de carbenos N-heterocíclicos soportados sobre poliestireno y estudio de su aplicación como organocatalizadores enantioselectivos</subfield>
</datafield>
</record></metadata></record></GetRecord></OAI-PMH>